| 000 | 00710nam a2200253Ia 4500 | ||
|---|---|---|---|
| 003 | OSt | ||
| 005 | 20221006142603.0 | ||
| 006 | a|||||r|||| 00| 0 | ||
| 007 | ta | ||
| 008 | 221006b |||||||| |||| 00| 0 eng d | ||
| 024 | _a6,680 | ||
| 037 |
_bGift, _cTextual |
||
| 040 |
_aEASL _cEASL _beng |
||
| 041 |
_2eng _aeng |
||
| 082 | _aY:6.41.N6, K4 | ||
| 100 |
_aHARPER Francis Ed. _9642851 |
||
| 245 | 0 |
_aOut of China _b A collection of interviews with refugees from China |
|
| 260 |
_aHong Kong _bDragonfly Books _c1964 |
||
| 300 |
_a235p. _ccm. |
||
| 490 | _v CEL | ||
| 650 | _aCEL | ||
| 942 |
_hY:6.41.N6, K4 _cTEXL _2CC |
||
| 999 |
_c1074766 _d1074766 |
||